Full moon Feuer. (Record no. 1347859)

MARC details
000 -LEADER
fixed length control field 00430nam a2200181Ia 4500
008 - FIXED-LENGTH DATA ELEMENTS--GENERAL INFORMATION
fixed length control field 151202s9999||||xx |||||||||||||| ||und||
082 ## - DEWEY DECIMAL CLASSIFICATION NUMBER
Item number PNVM-83126
100 ## - MAIN ENTRY--PERSONAL NAME
Personal name STINE . L.R.
245 ## - TITLE STATEMENT
Title Full moon Feuer.
260 ## - PUBLICATION, DISTRIBUTION, ETC. (IMPRINT)
Name of publisher, distributor, etc SCHOLASTIC PRESS NEW YORK.
260 ## - PUBLICATION, DISTRIBUTION, ETC. (IMPRINT)
Date of publication, distribution, etc 1999
300 ## - PHYSICAL DESCRIPTION
Extent 121
600 ## - SUBJECT ADDED ENTRY--PERSONAL NAME
Personal name STINE . L.R.
630 ## - SUBJECT ADDED ENTRY--UNIFORM TITLE
Uniform title Full moon Feuer.
700 ## - ADDED ENTRY--PERSONAL NAME
Personal name STINE . L.R.
730 ## - ADDED ENTRY--UNIFORM TITLE
Uniform title Full moon Feuer.
942 ## - ADDED ENTRY ELEMENTS (KOHA)
Koha item type Book

No items available.